Science Quiz

Random Science or Animal Quiz

► Osteology Museum: Bird Skulls II Quiz Stats

 Plays Quiz not verified by Sporcle

Score 0/19 Timer 05:00
1 Play Today
% Correct
Ruby-throated
Hummingbird
85.7%
Scarlet Ibis
84%
Roseate Spoonbill
83.3%
Hyacinth Macaw
81.3%
Yellow-billed
Magpie
76.3%
Pileated Woodpecker
76.3%
Caribbean Flamingo
76%
Harpy Eagle
74.7%
American Crow
74%
White-thighed Hornbill
70.3%
% Correct
Parakeet
70%
Cassowary
68%
Emu
64.3%
Brandt's Cormorant
64.3%
Marabou Stork
64%
Great Horned Owl
63.7%
Black-browed Albatross
59.7%
American Kestrel
59%
Kookaburra
55.7%

You're not logged in!

Compare scores with friends on all Sporcle quizzes.
Join for Free
OR
Log In

You Might Also Like...

Show Comments

Extras

Top Quizzes Today


Score Distribution

Your Account Isn't Verified!

In order to create a playlist on Sporcle, you need to verify the email address you used during registration. Go to your Sporcle Settings to finish the process.

Report this User

Report this user for behavior that violates our Community Guidelines.

Details: